000
00296nam a2200133Ia 4500
008
231129s1989||||xx |||||||||||||| ||spa||
040
_b
spa
082
_a
Co861.44 / H493p
100
_a
Henao Raul
245
0
_a
El partido del diablo
260
_c
1989
264
_a
Lealon
942
_2
ddc
_c
BKS
999
_c
12002
_d
12002